[Event "BEL-ch U18"]
[Site "Blankenberge"]
[Date "2015.04.14"]
[Round "4"]
[White "Bondroit, Stef"]
[Black "Marchal, Anais"]
[Result "1-0"]
[WhiteElo "1533"]
[BlackElo "1380"]
[PlyCount "95"]
[EventDate "2015.04.12"]
[EventType "swiss"]
[EventRounds "9"]
[EventCountry "BEL"]
[SourceTitle "CBM 166 Extra"]
[Source "ChessBase"]
[SourceDate "2015.06.18"]
[SourceVersion "1"]
[SourceVersionDate "2015.06.18"]
[SourceQuality "1"]

1. c4 c5 2. Nc3 Nf6 3. g3 d6 4. Bg2 Nc6 5. Qa4 Bd7 6. Nf3 e5 7. d3 Be7 8. 0-0 0-0 9. a3 Re8 10. Bg5 Ng4 11. Bxe7 Qxe7 12. Qd1 Nf6 13. Rb1 a5 14. Nd2 Rab8 15. Nde4 Be6 16. Nb5 Nxe4 17. Bxe4 Red8 18. e3 d5 19. cxd5 Bxd5 20. Bxd5 Rxd5 21. Nc3 Rdd8 22. Qe2 Qe6 23. Ne4 b6 24. Rfd1 Qf5 25. Nc3 Rd7 26. e4 Qg6 27. Rbc1 Nd4 28. Qe3 Qg4 29. Kg2 Rd6 30. Nd5 Rb7 31. Re1 g5 32. h3 Qh5 33. Rh1 g4 34. hxg4 Qxg4 35. Rh4 Qg6 36. Rch1 f5 37. Rh6 Qg7 38. Rxd6 f4 39. Nxf4 exf4 40. Qxf4 Rf7 41. Rd8+ Rf8 42. Rxf8+ Qxf8 43. Qxf8+ Kxf8 44. Rxh7 a4 45. Rb7 b5 46. Rc7 Ne6 47. Rc6 Ke7 48. f4 1-0

[Event "BEL-ch U16"]
[Site "Blankenberge"]
[Date "2014.04.17"]
[Round "7"]
[White "Terwel, Diederick"]
[Black "Bondroit, Stef"]
[Result "1-0"]
[WhiteElo "1381"]
[BlackElo "1331"]
[PlyCount "73"]
[EventDate "2014.04.??"]
[EventType "swiss"]
[EventRounds "9"]
[EventCountry "BEL"]
[SourceTitle "EXT 2015"]
[Source "ChessBase"]
[SourceDate "2014.11.20"]
[SourceVersion "1"]
[SourceVersionDate "2014.11.20"]
[SourceQuality "1"]

1. e4 d6 2. Nf3 Nf6 3. Nc3 Bg4 4. h3 Bh5 5. g4 Bg6 6. d3 c6 7. Bg2 e6 8. 0-0 Be7 9. Be3 h6 10. Nd2 0-0 11. f4 d5 12. Nb3 Nfd7 13. e5 f6 14. d4 b6 15. Qd2 c5 16. dxc5 bxc5 17. f5 Bf7 18. fxe6 Bxe6 19. Nxd5 Nc6 20. Nxe7+ Nxe7 21. Bxa8 Qxa8 22. exf6 Nxf6 23. Bxc5 Ne4 24. Rxf8+ Qxf8 25. Qg2 Nxc5 26. Nxc5 Bd5 27. Qf2 Qd8 28. Rd1 Qa5 29. Qe3 Qc7 30. Re1 a5 31. Qf2 Ng6 32. Nd3 Kh7 33. h4 Ba8 34. h5 Ne7 35. Rxe7 Qc6 36. Qf5+ Kg8 37. Qe6+ 1-0